000 00537nam a2200169 i 4500
001 21818
003 ES-MaACL
005 20230906152541.0
007 t|
008 021128s1970 xxu ||||1| eng d
100 1 _aAlba, Víctor.
_919198
245 1 0 _aTechnocrats and militarists
_b: a new conquest of Latin America /
_cVíctor Alba.
260 _aEstados Unidos :
_b[s.n.],
_c1970.
300 _a6 h. ;
_c23 cm.
500 _aEs separata de: Secolas Annals, vol. I, march, 1970, p.p. 164-172.
852 _aES-MaACL
_j2096-F-9
_bR.92530
999 _c21818
_d21818